1376 1687 1369 1270 1686 1801 1818 1379 1003 1428 1081 1322 1012 1323 1097 1491 1649 1457 1420 1041 1765 1599 1931 1686 1511 1026 1221 1546 1397 1032 1031 1967 1701 1698 1151 1228 1581 1498 1804 1446 1297 1907 1821 1752 1322 1712 1307 1034 1102 1129 1472 1168 1184 1564 1849 1302 1482 1665 1662 1520 1200 1338 1911 1515 1105 1265 1002 1631 1099 1173 1205 1094 1684 1990 1175 1329 1742 1882 1040 1665 1041 1725 1364 1229 1550 1411 1879 1442 1265 1908 1942 1816 1905 1335 1094 1092 1930 1179 1172 BCNSPRNW ULIB Ver.6.0+V

เปลี่ยนเป็นภาษาไทย

Change to English
 แสดงรายละเอียดบรรณานุกรม
  กลับหน้าหลัก

Brief Record : Get Marc (ISO 2709) : E-mail record : QR code < ปิดหน้าต่าง
LEADER : 00000nam 2200000uu 4500
001    13399120885
003     ULIB
008    121022s2548||||th 000 0 tha d
099    วจ.WT120^bด424ภ
100 0  ดาราวรรณ รองเมือง และรวิวรรณ คำเงิน
245 00 ภาระในการดูแลตนเองและคุณภาพชีวิตของผู้สูงอายุที่มีการมองเห็นเสื่อม/^cดาราวรรณ รองเมือง และรวิวรรณ คำเงิน
260    สุราษฎร์ธานี:^bวิทยาัลัยพยาบาลบรมราชชนนี ,^c2548
700 0  รวิวรรณ คำเงิน
945    ^p0^l0^i032859
995    เกษร
999    ^aใช้งานได้ทุกระบบ
รายการนี้ยังไม่มีแท็ก
คุณยังไม่ได้ล็อกอิน คุณสามารถมีกิจกรรมร่วมกับเว็บไซต์ได้ แต่ต้องล็อกอินก่อน ::
  ล็อกอิน

รายการสื่อสารสนเทศ

ลำดับที่ ประเภท เลขเรียก/บาร์โค้ด สถานที่ สถานะ
1. งานวิจัย
งานวิจัย
วจ.WT120 ด424ภ  
  Barcode: 032859
ห้องสมุดวิทยาเขตสวรรค์ประชารักษ์
►วิจัย
บนชั้น

BibComment


ยังไม่เคยถูกคอมเมนท์

คอมเมนท์ทรัพยากรรายการนี้
  คอมเมนท์: ภาระในการดูแลตนเอ..


 Copyright 2026. Bcnsprnw @Library